书目信息 |
| 题名: |
中国节庆会展旅游商务手册
|
|
| 作者: | ;中国旅游出版社 编著 | |
| 分册: | ||
| 出版信息: | 北京 中国旅游出版社 2007.09 |
|
| 页数: | 208页 | |
| 开本: | 28cm | |
| 丛书名: | ||
| 单 册: | ||
| 中图分类: | K892.1 , G245 | |
| 科图分类: | ||
| 主题词: | 节日--简介--中国 , 展览会--简介--中国 , 节日 , 展览会 | |
| 电子资源: | ||
| ISBN: | 978-7-5032-3273-2 | |
| 000 | 00937nam0 2200277 450 | |
| 001 | 003590669 | |
| 005 | 20091208152736.96 | |
| 010 | @a978-7-5032-3273-2@b精装@dCNY130.00 | |
| 100 | @a20070608d2007 em y0chiy0110 ea | |
| 101 | 0 | @achi |
| 102 | @aCN@b110000 | |
| 105 | @aa z 000yy | |
| 106 | @ar | |
| 200 | 1 | @a中国节庆会展旅游商务手册@9zhong guo jie qing hui zhan lv you shang wu shou ce@f中国旅游出版社编著 |
| 210 | @a北京@c中国旅游出版社@d2007.09 | |
| 215 | @a208页@c彩图@d28cm | |
| 330 | @a本书介绍了北京、天津、辽宁、内蒙、湖北、湖南、黑龙江、上海、江西、山东、河南、浙江、安徽、江苏、香港、澳门、台湾等地的节庆文化活动和商务会展。 | |
| 606 | 0 | @a节日@x简介@y中国 |
| 606 | 0 | @a展览会@x简介@y中国 |
| 606 | 0 | @a节日 |
| 606 | 0 | @a展览会 |
| 690 | @aK892.1@v4 | |
| 690 | @aG245@v4 | |
| 711 | 02 | @a中国旅游出版社@9zhong guo lv you chu ban she@4编著 |
| 801 | 0 | @aCN@bNLC@c20091208 |
| 905 | @b20796236-38@dK892.1@e156@f3 | |
| 中国节庆会展旅游商务手册/中国旅游出版社编著.-北京:中国旅游出版社,2007.09 |
| 208页:彩图;28cm |
| ISBN 978-7-5032-3273-2(精装):CNY130.00 |
| 本书介绍了北京、天津、辽宁、内蒙、湖北、湖南、黑龙江、上海、江西、山东、河南、浙江、安徽、江苏、香港、澳门、台湾等地的节庆文化活动和商务会展。 |
| ● |
| 相关链接 |
|
|
|
|
正题名:中国节庆会展旅游商务手册
索取号:K892.1/156
 
预约/预借
| 序号 | 登录号 | 条形码 | 馆藏地/架位号 | 状态 | 备注 |
| 1 | 796236 | 207962365 | 第二样本阅览室/ [索取号:K892.1/156] | 在馆 | |
| 2 | 796237 | 207962374 | 第二借阅区/ [索取号:K892.1/156] | 在馆 | |
| 3 | 796238 | 207962383 | 资源管理系资料室/ [索取号:K892.1/156] | 在馆 |